000 00323nam a2200121Ia 4500
008 191201s2019 xx 000 0 und d
100 _aDharuman,J
245 0 _aPharmaceutical Organic Chemistry
260 _bAITBS Pub.
_aNew Delhi
_c2019
300 _a265
650 _aPharmaceutical Organic Chemistry
942 _2ddc
_cBK
_010
999 _c8387
_d8387